Statystyki dla Państwa, które kontrolowały terytorium Stanów Zjednoczonych

Kliknij tutaj aby rozwiązać quiz!

Ogólne statystyki

  • Ten quiz został rozwiązany 9 687 razy
  • Średni wynik to 7 z 14

Statystyki odpowiedzi

OdDoKraj% Poprawnych
16071846Wielka Brytania / Anglia
96%
15651821Hiszpania
93%
16711803Francja
92%
18211853Meksyk
88%
17841867Rosja
82%
19421943Japonia
74%
16141674Holandia
60%
1776-Stany Zjednoczone
50%
16381655Szwecja
38%
18611865Skonfederowane Stany
22%
18361846Teksas
18%
17951843Hawaje
16%
17771791Republika Vermontu
4%
18101810Floryda Zachodnia
2%

Rozkład punktacji

Percentyl według liczby udzielonych odpowiedzi

Procent ludzi z każdym wynikiem

Twoja historia wyników

Nie rozwiązałeś tego quizu